000
00317 a2200157 4500
001
161528
020
_a
040
_c
Magnum
100
_a
Olivieri, Antonio Carlos
240
1
0
_a
O renascimento
_l
por
245
1
0
_a
O renascimento
362
0
_a
1899
440
1
_a
Ática
697
_a
PARADIDATICO
942
_c
BK
999
_c
161528
_d
161528